Làng Bến Cá xưa và nay /

Đã lưu trong:
Chi tiết về thư mục
Tác giả chính: Diệp Đình Hoa.
Tác giả khác: Phan Đình Dũng.
Định dạng: Sách giấy
Ngôn ngữ:Vietnamese
Được phát hành: Đồng Nai : Nxb. Đồng Nai, 1998.
Những chủ đề:
Các nhãn: Thêm thẻ
Không có thẻ, Là người đầu tiên thẻ bản ghi này!
Thư viện lưu trữ: Thư viện Trường Đại học Đà Lạt
LEADER 01407nam a2200349 4500
001 DLU150167018
005 ##20150114
040 # # |a DLU  |b vie 
041 # # |a vie 
044 # # |a vn 
082 # # |a 915.977 5  |b DI-H 
100 # # |a Diệp Đình Hoa. 
245 # # |a Làng Bến Cá xưa và nay /  |c Diệp Đình Hoa, Phan Đình Dũng. 
260 # # |a Đồng Nai :  |b Nxb. Đồng Nai,  |c 1998. 
300 # # |a 451 tr. ;  |c 21 cm. 
504 # # |a Tài liệu tham khảo: tr.432. 
505 # # |a Chương I. Đồng Nai và Bến Cá -- Chương II. Nước song trong chảy lộn nước sông ngoài -- Chương III. Cuộc sống đầy triết lý -- Chương IV. Quê mẹ -- Chương V. Văn hoá ứng xử -- Chương VI. Văn hoá phi vật thể hay văn hoá vật thể -- Chương VII. Bưởi Tân Triều -- Chương VIII. Trên đường đô thị hoá -- Chương IV. Cuộc đời thực sau vòng hào quang của quá khứ. 
650 # # |a Làng  |z Việt Nam  |z Đồng Nai. 
651 # # |a Đồng Nai (Việt Nam)  |x Đời sống xã hội và tập quán. 
651 # # |a Đồng Nai (Việt Nam)  |x Mô tả và du lịch. 
700 # # |a Phan Đình Dũng. 
923 # # |a 06/2014 
991 # # |a SH 
992 # # |a 13500 
994 # # |a DLU 
900 # # |a True 
911 # # |a Đào Thị Thu Huyền 
925 # # |a G 
926 # # |a A 
927 # # |a SH 
980 # # |a Thư viện Trường Đại học Đà Lạt